00467nam a22001577a 450000500170000000800410001702000180005804100130007608200150008910000130010424500740011725000190019126000430021030000310025365000250028420241002121245.0241002b |||||||| |||| 00| 0 eng d a9780639008783 aEnglish  a346.4 GEN  lEnglish  aGeneral Principles of South African Property Law / cG Mullet et al.  aFirst Edition  aDurban: bLexisNexis (Pty) Ltd, c2024 bxiii, 227 pages; c25 cm.  aLegal practice bLaw